Schaum's outline of calculus / (Record no. 29829)
[ view plain ]
| 000 -LEADER | |
|---|---|
| fixed length control field | 00631 a2200205 4500 |
| 020 ## - INTERNATIONAL STANDARD BOOK NUMBER | |
| International Standard Book Number | 0070419736 |
| 020 ## - INTERNATIONAL STANDARD BOOK NUMBER | |
| International Standard Book Number | 9780070419735 |
| 082 ## - DEWEY DECIMAL CLASSIFICATION NUMBER | |
| Classification number | 515 |
| 090 ## - LOCALLY ASSIGNED LC-TYPE CALL NUMBER (OCLC); LOCAL CALL NUMBER (RLIN) | |
| -- | 1216 |
| -- | 1216 |
| 100 1# - MAIN ENTRY--PERSONAL NAME | |
| Personal name | Ayres, Frank. |
| 245 10 - TITLE STATEMENT | |
| Title | Schaum's outline of calculus / |
| Statement of responsibility, etc. | Frank Ayres.Elliott Mendelson, |
| 250 ## - EDITION STATEMENT | |
| Edition statement | 4th ed. |
| 260 ## - PUBLICATION, DISTRIBUTION, ETC. | |
| Place of publication, distribution, etc. | [S.l.] : |
| Name of publisher, distributor, etc. | McGraw-Hill, |
| Date of publication, distribution, etc. | 2004. |
| 300 ## - PHYSICAL DESCRIPTION | |
| Extent | 578 p. ; |
| Dimensions | 28 cm. |
| 490 1# - SERIES STATEMENT | |
| Series statement | Fourth edition. |
| 700 1# - ADDED ENTRY--PERSONAL NAME | |
| Personal name | Ayres, Frank. |
| 830 #0 - SERIES ADDED ENTRY--UNIFORM TITLE | |
| Uniform title | Fourth edition. |
| 942 ## - ADDED ENTRY ELEMENTS (KOHA) | |
| Institution code [OBSOLETE] | SNS |
| Koha item type | Book |
| Call number prefix | 515 AYR |
| Withdrawn status | Lost status | Damaged status | Not for loan | Permanent Location | Current Location | Date acquired | Total Checkouts | Full call number | Barcode | Date last seen | Price effective from | Koha item type |
|---|---|---|---|---|---|---|---|---|---|---|---|---|
| School of Natural Sciences (SNS) | School of Natural Sciences (SNS) | 05/26/2016 | 515 AYR | SNS0001282 | 05/26/2016 | 05/26/2016 | Book |
